[Event "Norway Chess op-B"]
[Site "Stavanger"]
[Date "2025.05.27"]
[Round "4"]
[White "Gryte, Jonas"]
[Black "Nguyen, Tyson Quang Hy"]
[Result "1-0"]
[WhiteElo "1829"]
[BlackElo "1644"]
[PlyCount "113"]
[EventDate "2025.05.27"]
[EventType "swiss"]
[EventRounds "9"]
[EventCountry "NOR"]
[SourceTitle "CB23_2025"]
[SourceDate "2025.06.04"]
[SourceVersion "1"]
[SourceVersionDate "2025.06.04"]
[SourceQuality "1"]

1. e4 c6 2. d4 d5 3. Nc3 e6 4. Nf3 h6 5. Bd3 dxe4 6. Nxe4 Nf6 7. 0-0 Nbd7 8. Bf4 Nxe4 9. Bxe4 Be7 10. c3 g5 11. Bg3 f5 12. Ne5 Nxe5 13. Bxe5 Bf6 14. Qh5+ Kf8 15. Bc2 Kg7 16. Rad1 Bd7 17. Rfe1 g4 18. Bb3 Be8 19. Qh4 Bf7 20. h3 Bxe5 21. Qxd8 Raxd8 22. Rxe5 Rhe8 23. hxg4 fxg4 24. Rde1 Kf6 25. R1e4 h5 26. Rf4+ Ke7 27. Kh2 Rh8 28. Kg3 Rdg8 29. Rxf7+ Kxf7 30. Bxe6+ Kf6 31. Bxg8 Rxg8 32. Rxh5 Rg7 33. Re5 a6 34. Re4 Kf5 35. Rf4+ Ke6 36. Rxg4 Rh7 37. Rg5 Kf6 38. Re5 Rg7+ 39. Kf3 Rh7 40. g4 Rh1 41. Kf4 Rh2 42. g5+ Kg6 43. Re6+ Kf7 44. Rf6+ Ke7 45. Kg3 Rh5 46. f4 Rh1 47. f5 Rb1 48. Re6+ Kf8 49. g6 Rxb2 50. f6 Rc2 51. Rd6 Ke8 52. g7 Rxc3+ 53. Kf4 Kf7 54. Rd8 Kxf6 55. g8Q Rf3+ 56. Kxf3 Kf5 57. Rf8# 1-0

[Event "Norway Chess op-B"]
[Site "Stavanger"]
[Date "2025.05.27"]
[Round "8"]
[White "Gryte, Jonas"]
[Black "Tunge, Christian"]
[Result "1/2-1/2"]
[WhiteElo "1829"]
[BlackElo "1992"]
[PlyCount "108"]
[EventDate "2025.05.27"]
[EventType "swiss"]
[EventRounds "9"]
[EventCountry "NOR"]
[SourceTitle "CB23_2025"]
[SourceDate "2025.06.04"]
[SourceVersion "1"]
[SourceVersionDate "2025.06.04"]
[SourceQuality "1"]

1. e4 c5 2. Nf3 g6 3. d4 cxd4 4. Nxd4 Nc6 5. c4 Nf6 6. Nc3 d6 7. f3 Nxd4 8. Qxd4 Bg7 9. Be3 0-0 10. Qd2 Be6 11. Rc1 Qa5 12. Be2 Rfc8 13. b3 Nd7 14. 0-0 Nc5 15. Bd4 Bxd4+ 16. Qxd4 Nd7 17. Kh1 Qc5 18. Qd2 Kg7 19. f4 f6 20. Nb5 Nf8 21. g4 Bd7 22. Nd4 Ne6 23. Nxe6+ Bxe6 24. b4 Qb6 25. f5 Bf7 26. g5 a5 27. b5 Qc5 28. gxf6+ exf6 29. Rfd1 Rd8 30. Qd4 b6 31. Rd2 gxf5 32. Rg1+ Kf8 33. Qxf6 Qe5 34. Qh6+ Ke7 35. Bf3 Qf6 36. Qe3 Rab8 37. exf5+ Kf8 38. Qf4 Rbc8 39. Bd5 Rc5 40. Rgd1 h6 41. Bxf7 Rxf5 42. Qd4 Rf1+ 43. Rxf1 Qxf1+ 44. Qg1 Qxg1+ 45. Kxg1 Kxf7 46. Kf2 Ke6 47. Ke3 Rg8 48. Kd4 Rg4+ 49. Kd3 Rh4 50. Rg2 Rh3+ 51. Kd4 Rh4+ 52. Kd3 Rh3+ 53. Kd4 Rh4+ 54. Kd3 Rh3+ 1/2-1/2

[Event "Norway Chess op-B"]
[Site "Stavanger"]
[Date "2025.05.27"]
[Round "5"]
[White "Sathish, Githiha"]
[Black "Gryte, Jonas"]
[Result "0-1"]
[WhiteElo "1771"]
[BlackElo "1829"]
[PlyCount "86"]
[EventDate "2025.05.27"]
[EventType "swiss"]
[EventRounds "9"]
[EventCountry "NOR"]
[SourceTitle "CB23_2025"]
[SourceDate "2025.06.04"]
[SourceVersion "1"]
[SourceVersionDate "2025.06.04"]
[SourceQuality "1"]

1. d4 Nf6 2. Bg5 d5 3. Bxf6 exf6 4. e3 c6 5. Bd3 Bd6 6. c4 dxc4 7. Bxc4 0-0 8. Nc3 Nd7 9. Nge2 f5 10. Bd3 Nf6 11. Qc2 g6 12. h4 Re8 13. 0-0-0 Qa5 14. e4 fxe4 15. Bxe4 Nxe4 16. Nxe4 Bf5 17. N2c3 Rxe4 18. Nxe4 Qxa2 19. g3 Re8 20. Rhe1 Kf8 21. f3 Bxg3 22. Qc5+ Kg7 23. Qa3 Qxa3 24. bxa3 Bxe1 25. Rxe1 Bxe4 26. fxe4 f5 27. e5 Rd8 28. e6 Kf6 29. Kc2 Re8 30. Rb1 b6 31. d5 cxd5 32. Rd1 Kxe6 33. Re1+ Kd7 34. Rd1 Kd6 35. h5 f4 36. hxg6 hxg6 37. Rg1 Re6 38. Rg4 Ke5 39. Kd3 Kf5 40. Rh4 g5 41. Rh7 f3 42. Rxa7 Kg4 43. Rf7 Kg3 0-1